Max Scheler y la ética cristiana
Uloženo v:
| Hlavní autor: | |
|---|---|
| Médium: | Kniha |
| Jazyk: | španělština |
| Vydáno: |
Madrid
Católica
1982
|
| Edice: | Biblioteca de Autores Cristianos
|
| Témata: | |
| Tagy: |
Přidat tag
Žádné tagy, Buďte první, kdo vytvoří štítek k tomuto záznamu!
|
MARC
| LEADER | 00000nam a2200000 a 4500 | ||
|---|---|---|---|
| 001 | UCZ2123 | ||
| 003 | CL-VaPUC | ||
| 008 | 950926e19820000SP |||||||||||||||||spa|d | ||
| 082 | 0 | 4 | |a 128 |b WOJ |2 21 |
| 100 | 0 | |a Wojtyla, Karol |e author |9 345937 | |
| 245 | 1 | 0 | |a Max Scheler y la ética cristiana |
| 300 | |a 223 p | ||
| 942 | |c BK | ||
| 945 | |d 19950926 00:00:00 |a cmena | ||
| 260 | |a Madrid |b Católica |c 1982 | ||
| 600 | 0 | 7 | |a SCHELER, MAX |2 CL-VaPUC |9 311258 |
| 650 | 0 | |a Filosofía alemana |9 265002 | |
| 650 | 0 | |a Ética |9 255099 | |
| 650 | 0 | |a Valores morales |9 310604 | |
| 650 | 0 | |a Amor |9 257817 | |
| 650 | 7 | |a HOMBRE |2 CL-VaPUC |9 262149 | |
| 650 | 0 | |a Comportamiento moral |9 334569 | |
| 650 | 0 | |a Cristianismo |9 257361 | |
| 650 | 0 | |a Personalismo |9 308807 | |
| 583 | |a last modification |c 19950926 00:00:00 |k Rodrigo Vera | ||
| 490 | 0 | |a Biblioteca de Autores Cristianos | |
| 999 | |c 238771 |d 238769 | ||
| 952 | |0 0 |1 0 |4 0 |6 128_000000000000000_WOJ_1982 |7 0 |8 P |9 249232 |a BIBEDU |b BIBEDU |c BIBEDU_PB |d 2019-11-18 |i 1564536 |o 128 WOJ 1982 |p 1564536 |r 2024-01-25 |w 2019-11-18 |y BK |k FIL | ||
| 952 | |0 0 |1 0 |4 0 |6 128_000000000000000_WOJ_1982 |7 0 |8 P |9 249233 |a BIBEDU |b BIBEDU |c BIBEDU_PB |d 2019-11-18 |i 1568272 |o 128 WOJ 1982 |p 1568272 |r 2024-01-25 |w 2019-11-18 |y BK |k FIL | ||
| 952 | |0 0 |1 0 |4 0 |6 128_000000000000000_WOJ_1982 |7 0 |8 P |9 249234 |a BIBEDU |b BIBEDU |c BIBEDU_PB |d 2019-11-18 |i 1580078 |o 128 WOJ 1982 |p 1580078 |r 2024-01-25 |w 2019-11-18 |y BK |k FIL | ||
| 952 | |0 0 |1 0 |4 0 |6 128_000000000000000_WOJ_1982 |7 0 |8 P |9 249235 |a BIBEDU |b BIBEDU |d 2019-11-18 |i 4060172 |o 128 WOJ 1982 |p 4060172 |r 2024-01-25 |w 2019-11-18 |y BK |k BME | ||